[Event "Locarno Swiss Lake op"]
[Site "Locarno"]
[Date "2024.04.21"]
[Round "5"]
[White "Rymar, Andrey"]
[Black "Eigenmann, Marco"]
[Result "1-0"]
[WhiteElo "1850"]
[BlackElo "1724"]
[PlyCount "65"]
[EventDate "2024.04.19"]
[EventType "swiss"]
[EventRounds "5"]
[EventCountry "SUI"]
[SourceTitle "CBM 220 Extra"]
[Source "ChessBase"]
[SourceDate "2024.07.31"]
[SourceVersion "1"]
[SourceVersionDate "2024.07.31"]
[SourceQuality "1"]

1. e4 d5 2. exd5 Nf6 3. Nc3 Nxd5 4. Bc4 Nb6 5. Be2 Nc6 6. f4 Bf5 7. Nf3 e6 8. 0-0 Bc5+ 9. Kh1 h5 10. a3 Nd4 11. d3 Nxe2 12. Qxe2 Qe7 13. b4 Bd6 14. Ne4 0-0-0 15. c4 Bxe4 16. dxe4 c5 17. e5 Bc7 18. bxc5 Qxc5 19. Be3 Qxc4 20. Qf2 Rd3 21. a4 Nxa4 22. Bxa7 b6 23. Rfc1 Qb5 24. Nd4 Rxd4 25. Qxd4 Nc5 26. Bxb6 Bxb6 27. Ra8+ Kb7 28. Rxh8 Nb3 29. Qe4+ Ka6 30. Ra8+ Ba7 31. Rd1 Nd2 32. Ra1+ Kb6 33. Qe3+ 1-0

[Event "Schaffhausen op"]
[Site "Schaffhausen"]
[Date "2023.01.04"]
[Round "4"]
[White "Eigenmann, Marco"]
[Black "Pribylla, Amelia"]
[Result "0-1"]
[WhiteElo "1372"]
[BlackElo "1244"]
[PlyCount "62"]
[EventDate "2023.01.02"]
[EventType "swiss"]
[EventRounds "5"]
[EventCountry "SUI"]
[SourceTitle "CBM 212 Extra"]
[Source "ChessBase"]
[SourceDate "2023.03.31"]
[SourceVersion "1"]
[SourceVersionDate "2023.03.31"]
[SourceQuality "1"]

1. e4 e5 2. Nc3 Bc5 3. Bc4 Nf6 4. d3 h6 5. f4 d6 6. f5 c6 7. Qf3 Qb6 8. Nge2 h5 9. Na4 Qa5+ 10. Nec3 Bd4 11. Bd2 Qc7 12. b4 b5 13. Nxb5 cxb5 14. Bxb5+ Bd7 15. Bxd7+ Qxd7 16. c3 Qxa4 17. cxd4 0-0 18. h3 Nc6 19. dxe5 Nxe5 20. Qg3 Kh7 21. Qe3 Qa6 22. Ke2 Rae8 23. g4 d5 24. g5 Nfd7 25. a4 dxe4 26. g6+ fxg6 27. fxg6+ Nxg6 28. Qg5 Qxd3+ 29. Kd1 e3 30. Qxh5+ Kg8 31. Ra2 Qb3+ 0-1

[Event "Schaffhausen op"]
[Site "Schaffhausen"]
[Date "2023.01.03"]
[Round "3"]
[White "Eigenmann, Marco"]
[Black "Cattomio, Roberto"]
[Result "1-0"]
[WhiteElo "1372"]
[BlackElo "1537"]
[PlyCount "117"]
[EventDate "2023.01.02"]
[EventType "swiss"]
[EventRounds "5"]
[EventCountry "SUI"]
[SourceTitle "CBM 212 Extra"]
[Source "ChessBase"]
[SourceDate "2023.03.31"]
[SourceVersion "1"]
[SourceVersionDate "2023.03.31"]
[SourceQuality "1"]

1. e4 e5 2. Nc3 Nf6 3. f4 d6 4. Nf3 Bg4 5. h3 Bxf3 6. Qxf3 a6 7. a3 Nc6 8. Bc4 Nd4 9. Qd1 b5 10. Ba2 a5 11. d3 b4 12. Ne2 c5 13. Nxd4 cxd4 14. a4 Be7 15. 0-0 0-0 16. fxe5 dxe5 17. Qf3 Rc8 18. Rf2 Qd7 19. g4 Bd8 20. Kh2 Kh8 21. Bc4 Qb7 22. g5 Rxc4 23. gxf6 Rc6 24. fxg7+ Kxg7 25. Qg3+ Rg6 26. Qxe5+ Kg8 27. Bf4 Re6 28. Rg1+ Rg6 29. Rfg2 Qc6 30. Rxg6+ fxg6 31. Kh1 Re8 32. Qd5+ Qxd5 33. exd5 Re2 34. Rg2 Re1+ 35. Kh2 Kf7 36. Rf2 Ke8 37. Bg3 h5 38. Rf8+ Kxf8 39. Bxe1 Ke8 40. h4 Kd7 41. Bg3 Be7 42. b3 Bd6 43. Kg2 Bxg3 44. Kxg3 Kd6 45. Kf4 Kxd5 46. Kg5 Ke5 47. Kxg6 Kf4 48. Kxh5 Ke3 49. Kg4 Kd2 50. h5 Kxc2 51. h6 Kxb3 52. h7 Kxa4 53. h8Q Ka3 54. Qxd4 a4 55. Qc5 Kb3 56. Kf3 a3 57. Qc4+ Kb2 58. Qxb4+ Ka2 59. d4 1-0